| 000 | 01079nam a2200313 i 4500 | ||
|---|---|---|---|
| 999 |
_c200444042 _d62254 |
||
| 001 | 200444042 | ||
| 003 | TR-AnTOB | ||
| 005 | 20220916170023.0 | ||
| 007 | ta | ||
| 008 | 980213s1979 tu 100 0 tur | ||
| 035 | _a(TR-AnTOB)200444042 | ||
| 040 |
_aTR-AnTOB _beng _erda _cTR-AnTOB |
||
| 041 | 0 | _atur | |
| 050 | 4 |
_aKKX3568 _b.A43 1979 |
|
| 090 |
_aTOBBK KKX3568 _b.A43 1979 |
||
| 100 |
_aAkdoğan, Abdurrahman _eauthor _917106 |
||
| 245 | 1 | 0 |
_aVergi incelemesi / _cAbdurrahman Akdoğan. |
| 264 | 1 |
_aAnkara : _bAnkara İktisadi ve Ticari İlimler Akademisi, _c1979. |
|
| 300 |
_a144 pages ; _c24 cm |
||
| 336 |
_atext _btxt _2rdacontent |
||
| 337 |
_aunmediated _bn _2rdamedia |
||
| 338 |
_avolume _bnc _2rdacarrier |
||
| 490 | 0 |
_aAnkara İktisadi ve Ticari İlimler Akademisi ; _vyayın no: 127. _aMaliye ve Vergi Hukuku Enstitüsü yayınları ; _v8 |
|
| 650 | 7 |
_aVergi denetimi _zTürkiye _2etuturkob _9132971 |
|
| 710 | 2 |
_aAnkara İktisadi ve Ticari İlimler Akademisi _927681 |
|
| 942 |
_2z _cBK |
||